[Event "FRA-ch U18"]
[Site "Pau"]
[Date "2015.04.27"]
[Round "4"]
[White "Micottis, Dorian"]
[Black "Bol, Frederic"]
[Result "1-0"]
[WhiteElo "2217"]
[BlackElo "2133"]
[PlyCount "97"]
[EventDate "2015.04.26"]
[EventType "swiss"]
[EventRounds "9"]
[EventCountry "FRA"]
[SourceTitle "CBM 166 Extra"]
[Source "ChessBase"]
[SourceDate "2015.06.18"]
[SourceVersion "1"]
[SourceVersionDate "2015.06.18"]
[SourceQuality "1"]

1. Nf3 f5 2. g3 Nf6 3. Bg2 g6 4. 0-0 Bg7 5. d4 0-0 6. Nbd2 d6 7. Re1 Nc6 8. e4 fxe4 9. Nxe4 Nxe4 10. Rxe4 Bf5 11. Re1 e5 12. Bg5 Qd7 13. c3 Qf7 14. dxe5 dxe5 15. Nh4 Be6 16. Qf3 h6 17. Qxf7+ Kxf7 18. Be3 g5 19. Nf3 Rfe8 20. Nd2 Ne7 21. Ne4 Nd5 22. Nc5 Rad8 23. Nxb7 Rb8 24. c4 Nxe3 25. Rxe3 Bc8 26. Rb3 Be6 27. Rc1 Bf8 28. Bc6 Rec8 29. Re3 Bd6 30. c5 Be7 31. a3 Bf6 32. b4 g4 33. Rd1 Kg6 34. Be4+ Bf5 35. c6 Re8 36. Rd7 Bxe4 37. Rxe4 Kf5 38. Re1 Rbc8 39. Red1 Re6 40. b5 Be7 41. a4 a6 42. Kg2 axb5 43. axb5 e4 44. Na5 Bf6 45. Nc4 Be5 46. R1d5 Kf6 47. Rd8 Rxd8 48. Rxd8 Kf5 49. Ne3+ 1-0

[Event "FRA-ch op"]
[Site "Nimes"]
[Date "2014.08.23"]
[Round "6"]
[White "Lafortune, Emerick"]
[Black "Bol, Frederic"]
[Result "1/2-1/2"]
[WhiteElo "1949"]
[BlackElo "1832"]
[PlyCount "91"]
[EventDate "2014.08.17"]
[EventType "swiss"]
[EventRounds "11"]
[EventCountry "FRA"]
[SourceTitle "EXT 2015"]
[Source "ChessBase"]
[SourceDate "2014.11.20"]
[SourceVersion "1"]
[SourceVersionDate "2014.11.20"]
[SourceQuality "1"]

1. e4 c5 2. Nc3 e6 3. f4 d5 4. Nf3 dxe4 5. Nxe4 Nc6 6. Bb5 Bd7 7. d3 Nf6 8. 0-0 Be7 9. c3 Qb6 10. Bxc6 Bxc6 11. Ne5 c4+ 12. Kh1 cxd3 13. Nxf6+ gxf6 14. Nxc6 Qxc6 15. Qxd3 Rg8 16. Qf3 Qxf3 17. Rxf3 Bc5 18. Be3 Bxe3 19. Rxe3 0-0-0 20. Rae1 Rd2 21. R3e2 Rgd8 22. Kg1 Kc7 23. Kf2 R8d3 24. Rxd2 Rxd2+ 25. Re2 Rd3 26. Rc2 e5 27. Ke2 e4 28. Rd2 Rxd2+ 29. Kxd2 f5 30. Ke3 h5 31. c4 a5 32. b3 Kc6 33. Kd4 b5 34. a3 bxc4 35. Kxc4 Kb6 36. g3 Kc6 37. b4 axb4 38. axb4 Kd7 39. Kd4 Kd6 40. Kc4 Kc6 41. b5+ Kc7 42. Kb4 Kb6 43. Kc4 Kc7 44. Kd4 Kb7 45. Kc3 Kc7 46. Kd4 1/2-1/2